An introduction to the archaeology of Ancient Egypt

Αποθηκεύτηκε σε:
Λεπτομέρειες βιβλιογραφικής εγγραφής
Κύριος συγγραφέας: Bard, Kathryn A.
Μορφή: Βιβλίο
Γλώσσα:English
Δημοσίευση: [Malden]; [Oxford] : Blackwell, [2008]
Θέματα:
Ετικέτες: Προσθήκη ετικέτας
Δεν υπάρχουν, Καταχωρήστε ετικέτα πρώτοι!

MARC

LEADER 00000nam a2200000 i 4500
001 1/71582
008 080121s2008 eng d
020 |a 978-1-4051-1148-5 
020 |a 1-4051-1148-8 
035 |l 10093940 
040 |a GR-MY-UA  |b gre  |e aacr 
041 0 |a eng 
082 0 |a 932  |2 (22) 
100 1 |a Bard, Kathryn A. 
245 1 3 |a An introduction to the archaeology of Ancient Egypt /  |c Kathryn A. Bard 
260 |a [Malden]; [Oxford] :   |b Blackwell,   |c [2008] 
300 |a xx, 400 σ.;  |b φωτ., σχέδια, χάρτες;  |c 24 εκ. 
504 |a Βιβλιογραφία: σ. [330]-365. Ευρετήριο 
650 0 0 |a Excavations (Archaeology)  |z Egypt. 
651 0 |a Egypt  |x Antiquities. 
651 0 |a Egypt  |x Civilization  |y To 332 B.C. 
651 0 |a Egypt  |x Civilization  |y 332 B.C.-638 A.D. 
852 |a INST  |b RHODES  |e 20080121  |h 932 BAR  |p 005400030207  |q 005400030207  |t BK  |y 0 
901 |a BIBL4-2008-1 
909 |a Ρ  |b 143997 
922 |a 4ΕΛΗ  |b 200801  |c ΕΠΕΑΕΚ2/ΤΜΣ  |d ΠΑΠΑΣΩΤΗΡΙΟΥ 
970 |a ΧΑΡΙΟΠΟΛΙΤΟΥ  |b ΚΩΝΣΤΑΝΤΙΝΑ  |z 2008/01/21